书目信息 |
| 题名: |
新编电工技术1000个问与答
|
|
| 作者: | 李强 主编 | |
| 分册: | ||
| 出版信息: | 吉林 延边人民出版社 2003.06 |
|
| 页数: | 406页 | |
| 开本: | 21cm | |
| 丛书名: | 实用电工技术必读丛书 | |
| 单 册: | ||
| 中图分类: | TM1 | |
| 科图分类: | ||
| 主题词: | 电工--基本知识 | |
| 电子资源: | ||
| ISBN: | 7-80648-964-9 | |
| 000 | 00982nam 22002652 4505 | |
| 001 | 192004001306 | |
| 005 | 20070911093144.98 | |
| 010 | @a7-80648-964-9@dCNY20.00 | |
| 100 | @a20070531d2003 km y0chiy0121 ea | |
| 101 | 0 | @achi |
| 102 | @aCN@b220000 | |
| 105 | @aak z 000yy | |
| 200 | 1 | @a新编电工技术1000个问与答@Axin bian dian gong ji shu1000 ge wen yu da@f李强主编@Fli qiang zhu bian |
| 210 | @a吉林@c延边人民出版社@d2003.06 | |
| 215 | @a406页@c图@d21cm | |
| 225 | 2 | @a实用电工技术必读丛书@Ashi yong dian gong ji shu bi du cong shu |
| 300 | @a其他题名:电工技术1000个问与答 | |
| 330 | @a全书共分为九章,涵盖了基础知识、变压器与蓄电池的知识、电动、配电装置、架空线路、室内布线、电气设备的保护、电工仪表、安全用电等的内容。 | |
| 410 | 0 | @12001 @a实用电工技术必读丛书 |
| 517 | 1 | @a电工技术1000个问与答@Adian gong ji shu1000 ge wen yu da |
| 606 | 0 | @a电工@x基本知识 |
| 690 | @aTM1@v4 | |
| 701 | 0 | @a李强@Ali qiang@4主编 |
| 801 | 0 | @aCN@c20070911 |
| 905 | @dTM1@eL232 | |
| 新编电工技术1000个问与答/李强主编.-吉林:延边人民出版社,2003.06 |
| 406页:图;21cm.-(实用电工技术必读丛书) |
| 其他题名:电工技术1000个问与答 |
| ISBN 7-80648-964-9:CNY20.00 |
| 全书共分为九章,涵盖了基础知识、变压器与蓄电池的知识、电动、配电装置、架空线路、室内布线、电气设备的保护、电工仪表、安全用电等的内容。 |
| ● |
| 相关链接 |
|
|
|
正题名:新编电工技术1000个问与答
索取号:TM1/L232
 
预约/预借
| 序号 | 登录号 | 条形码 | 馆藏地/架位号 | 状态 | 备注 |
| 1 | 622687 | 206226877 | 自科库301/301自科库 4排2列5层/ [索取号:TM1/L232] | 在馆 | |
| 2 | 622688 | 206226886 | 自科二线404/404自科库 17排3列6层/ [索取号:TM1/L232] | 在馆 | |
| 3 | 622689 | 206226895 | 自科库301/301自科库 4排2列5层/ [索取号:TM1/L232] | 在馆 |